أسرار الجمال والجاذبية / (Record no. 14108)
[ view plain ]
| 000 -الفاتح | |
|---|---|
| حقل البيانات ثابتة الطول | 00936nam a22002177a 4500 |
| 008 - عناصر البيانات ثابتة الطول - معلومات عامة | |
| حقل البيانات ثابتة الطول | 100617s1983 ua|||||r|||| 000 0 ara d |
| 082 ## - رقم تصنيف ديوى العشرى | |
| رقم الطبعة | 22 |
| رقم التصنيف | 646.72 |
| رقم المادة | وف ا |
| 100 ## - المدخل الرئيسى - إسم شخصى | |
| 9 (RLIN) | 14852 |
| الإسم الشخصى | أبو الوفا، علي |
| 245 ## - بيان العنوان | |
| العنوان | أسرار الجمال والجاذبية / |
| بيان المسئوليه,etc | علي أبو الوفا |
| 260 ## - PUBLICATION, DISTRIBUTION, ETC. (IMPRINT) | |
| مكان الناشر او الموزع | القاهرة: |
| اسم الناشر او الموزع | دار أخبار اليوم ، 1983 |
| تاريخ النشر أو التوزيع | 1983 |
| 300 ## - الوصف المادى | |
| التعداد | 153 ص: |
| تفاصيل ماديه اخرى للوعاء | صور؛ |
| أبعاد الوعاء | 19 سم |
| 490 ## - بيان السلسلة | |
| -- | 14838 |
| عنوان السلسلة | ؛كتاب اليوم الطبي |
| رقم المجلد/ التعيين التسلسلي | 19 |
| 500 ## - تبصرة عامة | |
| تبصرة عامة | إهداء : علاء عبد الغني |
| 650 ## - المدخل الاضافى بالموضوع-مصطلح موضوعى | |
| 9 (RLIN) | 14853 |
| مصطلح موضوعي أو اسم جغرافي كعنصر مدخل | المرأة |
| التقسيم الفرعي العام | تجميل |
| 650 ## - المدخل الاضافى بالموضوع-مصطلح موضوعى | |
| 9 (RLIN) | 14854 |
| مصطلح موضوعي أو اسم جغرافي كعنصر مدخل | مستحضرات التجميل |
| 650 ## - المدخل الاضافى بالموضوع-مصطلح موضوعى | |
| 9 (RLIN) | 14855 |
| مصطلح موضوعي أو اسم جغرافي كعنصر مدخل | المكياج |
| 650 ## - المدخل الاضافى بالموضوع-مصطلح موضوعى | |
| 9 (RLIN) | 14856 |
| مصطلح موضوعي أو اسم جغرافي كعنصر مدخل | العطور |
| 650 ## - المدخل الاضافى بالموضوع-مصطلح موضوعى | |
| 9 (RLIN) | 14857 |
| مصطلح موضوعي أو اسم جغرافي كعنصر مدخل | الزينة، علم |
| 942 ## - عناصر المدخل الإضافي( كوها) | |
| مصدر التصنيف او مخطط الترفيف | Dewey Decimal Classification |
| Koha [default] item type | Book - Borrowing |
| حالة التراجع | حالة الفقد | مصدر التصنيف او خطة الترفيف | حالة تلف | ليس للاعارة | مجموعات كوها | المكان الدائم | المكان الحالي | موقع الترفيف | تاريخ الاكتساب | Source of acquisition | رقم الاستدعاء | الباركود | Date last checked out | Date last seen | مُعار | نوع الوعاء |
|---|---|---|---|---|---|---|---|---|---|---|---|---|---|---|---|---|
| Dewey Decimal Classification | Central Library | Central Library | First floor | 17/06/2010 | Donation | 646.72 أ ب و | 000020407 | 10/03/2014 | 17/02/2014 | 17/02/2014 | Book - Borrowing |